000 00331pab a2200145 454500
008 180718b2002 xxu||||| |||| 00| 0 eng d
100 _aSharma, P.C.
245 _aOmbudsman and integrity of government
260 _c2002
300 _ap.4-7.
362 _aJun
650 _aOmbudsman
773 _aCBI Bulletin
909 _a54171
999 _c54171
_d54171